000 01133nam a2200349 i 4500
001 019866932
003 EG-ScBUE
005 20211206113829.0
008 200602s2020 enka f 001 0 eng d
020 _a9781786276827 (pbk.)
035 _a(UkCU)991006800458203606
035 _a(Uk)019866932
035 _a(StEdALDL)1/3975979
040 _aStDuBDS
_beng
_erda
_cStDuBDS
_dUkCU
_dEG-ScBUE
082 0 4 _a746.920904
_bBLA
_222
100 1 _aBlackman, Cally,
_eauthor.
245 1 0 _a100 years of fashion /
_cCally Blackman.
246 3 _aOne hundred years of fashion
246 3 _aHundred years of fashion
264 1 _aLondon :
_bLaurence King Publishing,
_c2020.
300 _a399 pages :
_billustrations (black and white, and colour) ;
_c20 cm
336 _atext
_2rdacontent
_btxt
336 _astill image
_2rdacontent
_btxt
337 _aunmediated
_2rdamedia
_bn
338 _avolume
_2rdacarrier
_bnc
500 _aIncludes index.
500 _aFirst published: 2012.
650 7 _aFashion design
_xHistory
_y20th century.
_2BUEsh
653 _bART
_cDecember2021
655 _vReading book
_934232
942 _2ddc
_cBB
999 _c29684
_d29655